| 000 | 02414nam0a2200445 4500 | ||
|---|---|---|---|
| 001 | RU\NLR\bibl\1353332 | ||
| 005 | 20260407073154.0 | ||
| 010 |
_a978-5-9776-0086-6 _9500 |
||
| 021 |
_aRU _b2009-8962 _9518 |
||
| 035 | _a(nilc)RSL-KNO-004247709 | ||
| 035 | _a(NLR Aleph) 001338398 | ||
| 090 |
_a845052 _c845052 |
||
| 100 | _a20090302d2009 |||y0rusy50 ca | ||
| 101 | 0 | _arus | |
| 102 | _aRU | ||
| 105 | _aa ||||||||| | ||
| 200 | 1 |
_aНовая экономика _f[Авдокушин Е.Ф., д.э.н., проф., Сизов В.С., д.э.н., к.филос.н., проф., Осипов Ю.М., акад. Рос. акад. естеств. наук, д.э.н., проф., засл. деят. науки РФ и др. и др.] _gпод ред.: Е. Ф. Авдокушина, В. С. Сизова _gВятский социально-экономический ин-т |
|
| 210 |
_aМосква _cМагистр _d2009 |
||
| 215 |
_a542, [1] с. _cил. _d22 |
||
| 300 | _aАвт. указаны в конце кн. | ||
| 320 | _aБиблиогр. в конце ст. | ||
| 606 | 1 |
_aМировое хозяйство _xГлобализация _92086980 _3RU\NLR\auth\661263131 |
|
| 607 |
_aРоссийская Федерация _xНародное хозяйство _92106777 _3RU\NLR\auth\661273591 |
||
| 610 | 0 | _aЭкономика -- Экономическая теория -- Научно-технический прогресс | |
| 610 | 0 | _aэкономика знаний | |
| 610 | 0 | _aинновационная экономика | |
| 686 |
_aУ018.510.2,0 _2rubbk |
||
| 686 | _aУ58 | ||
| 686 | _aУ03(2Р)74 | ||
| 701 | 1 |
_aАвдокушин _bЕ. Ф. _gЕвгений Федорович _4070 |
|
| 701 | 1 |
_4070 _7ca _8rus _aСизов _bВ. С. _cд-р экон. наук, писатель _f1966- _gВладимир Сергеевич _966022 _3RU\NLR\AUTH\7783094 |
|
| 701 | 1 |
_4070 _7ca _8rus _aОсипов _bЮ. М. _cд-р экон. наук, философия хозяйства, литератор _f1941- _gЮрий Михайлович _9116159 _3RU\NLR\AUTH\776204 |
|
| 712 | 0 | 2 |
_4570 _aВятский социально-экономический институт _cКиров _9572611 _3RU\NLR\AUTH\8810036954 |
| 801 | 0 |
_aRU _bРКП _c20090302 _grcr |
|
| 801 | 1 |
_aRU _bРГБ _c20090302 |
|
| 801 | 2 |
_aRU _bNLR _c20090407 _grcr |
|
| 942 | _cBOOK | ||
| 980 | _aNB | ||